H /
Julian Hirtmann, najznámejší sériový vrah, utiekol a Martin Servaz nie je jediný, kto po ňom pátra: amatérski detektívi na internete, fanúšikovia true crime, hviezdny moderátor najsledovanejšej talk-show vo Francúzsku či autor bestsellerov – všetci sa vydávajú na lov. Keď sa však pátranie začne prel...
Uloženo v:
| Série: | Martin Servaz (SK),
část 9 |
|---|---|
| Hlavní autor: | |
| Médium: | E-kniha |
| Jazyk: | Czech |
| Vydáno: |
Praha :
Albatros Media Slovakia s.r.o.,
2025
|
| Příbuzné jednotky: | Z cyklu::
Martin Servaz (SK) |
| Tagy: |
Žádné tagy |
| LEADER | 01579nam a22002417i 4500 | ||
|---|---|---|---|
| 001 | 302682 | ||
| 007 | ta | ||
| 008 | 260514s2025 xr ||||| |||| 00| 0 cze d | ||
| 020 | |a 9788056649350 | ||
| 044 | |a xr | ||
| 100 | 1 | |a Minier, Bernard |4 aut | |
| 245 | 1 | 0 | |a H / |c Minier, Bernard |
| 240 | 1 | 0 | |a H |
| 264 | 1 | |a Praha : |b Albatros Media Slovakia s.r.o., |c 2025 | |
| 300 | |a 1 online zdroj (472 stran) | ||
| 336 | |a text |b txt |2 rdacontent | ||
| 337 | |a bez média |b n |2 rdamedia | ||
| 338 | |a online zdroj |b cr |2 rdacarrier | ||
| 520 | 2 | |a Julian Hirtmann, najznámejší sériový vrah, utiekol a Martin Servaz nie je jediný, kto po ňom pátra: amatérski detektívi na internete, fanúšikovia true crime, hviezdny moderátor najsledovanejšej talk-show vo Francúzsku či autor bestsellerov – všetci sa vydávajú na lov. Keď sa však pátranie začne prelínať so zmiznutiami pripomínajúcimi jeden z najväčších kriminálnych a sexuálnych škandálov posledných desaťročí, nastupuje hrôza. Skutočnosť sa začne miešať s fikciou a to najhoršie ešte len príde… | |
| 787 | 0 | 8 | |g 9 |i Z cyklu: |t Martin Servaz (SK) |
| 910 | |a RBIT002 | ||
| 998 | |d 426937 |a https://core.palmknihy.cz/api/books/426937/cover?tesghu |b https://core.palmknihy.cz/api/books/426937/cover/400?tesghu |c https://core.palmknihy.cz/api/books/426937/cover/50?tesghu |e 2030-04-29 |g 472 |i 9788056649350 |j https://core.palmknihy.cz/api/books/426937/preview.epub |k https://core.palmknihy.cz/api/books/426937/preview.pdf |l |q 49 |r 1 |s https://www.palmknihy.cz/kniha/426937 |t ebook |y 2025 |z 1 |v Martin Servaz (SK) |w 9 | ||
| 999 | |d 302680 | ||